40 personnages Nintendo en images - Statistiques

Statistiques générales
  • Ce quiz a été pris 249 fois
  • Le résultat moyen est 25 sur 40
Statistiques - réponses
Par images Réponse % Correct
Luigi
96%
Toad
96%
Kirby
94%
Waluigi
94%
Daisy
93%
Link
91%
Toadette
90%
Yoshi
90%
Dracaufeu
87%
Boo
86%
Harmony
81%
Rondoudou
80%
Diddy Kong
75%
Birdo
73%
Tom Nook
73%
Goomba
72%
Marie
72%
Bowser Junior
69%
Pauline
66%
Villageois
62%
Kamek
60%
Bayonetta
59%
Ness
54%
Meta Knight
53%
Pit
49%
Ice Climbers
48%
Palutena
48%
King K Rool
47%
Captain Falcon
45%
Kazooie
45%
Ridley
43%
Samus Aran
42%
Cranky Kong
41%
Marth
41%
Ganon
40%
Midona
35%
Fox Mc Cloud
26%
Little Mac
26%
Darunia
20%
Andross
8%
Aucun quiz correspondant
Distribution des résultats
% des personnes avec chaque résultat
Percentile par nombre de réponses
Votre historique - résultats
Vous n’avez pas pris ce quiz